Good Hunting (Record no. 186328)
[ view plain ]
| 000 -LEADER | |
|---|---|
| fixed length control field | 00543 a2200169 4500 |
| 003 - CONTROL NUMBER IDENTIFIER | |
| control field | Nust |
| 005 - DATE AND TIME OF LATEST TRANSACTION | |
| control field | 20230526095027.0 |
| 040 ## - CATALOGING SOURCE | |
| Transcribing agency | Nust |
| 082 ## - DEWEY DECIMAL CLASSIFICATION NUMBER | |
| Classification number | 808.81,DAV |
| 100 ## - MAIN ENTRY--PERSONAL NAME | |
| Personal name | Norman Davey |
| 9 (RLIN) | 112663 |
| 245 ## - TITLE STATEMENT | |
| Title | Good Hunting |
| Remainder of title | Norman Davey |
| 260 ## - PUBLICATION, DISTRIBUTION, ETC. | |
| Place of publication, distribution, etc. | London |
| Name of publisher, distributor, etc. | Chapman and Hall Limited |
| Date of publication, distribution, etc. | 1935 |
| 300 ## - PHYSICAL DESCRIPTION | |
| Extent | 245 |
| 505 ## - FORMATTED CONTENTS NOTE | |
| Formatted contents note | Julian Alone (Page-1), Marjory (Page-10), Barbara (Page-35), Bobbie (Page-64), UNA (Page-131), EVE (Page-170), Olga (Page-207), Julian and Wendy (Page-229). |
| 650 ## - SUBJECT ADDED ENTRY--TOPICAL TERM | |
| Topical term or geographic name entry element | Good Hunting |
| 9 (RLIN) | 112664 |
| 942 ## - ADDED ENTRY ELEMENTS (KOHA) | |
| Source of classification or shelving scheme | |
| Koha item type | Book |
| Withdrawn status | Lost status | Source of classification or shelving scheme | Damaged status | Not for loan | Permanent Location | Current Location | Shelving location | Date acquired | Full call number | Barcode | Date last seen | Price effective from | Koha item type | Public note |
|---|---|---|---|---|---|---|---|---|---|---|---|---|---|---|
| Military College of Signals (MCS) | Military College of Signals (MCS) | Fiction | 12/12/2016 | 808.81,DAV | MCS30098 | 12/08/2016 | 12/12/2016 | Book | Almirah No.56, Shelf No.2 |
